Effective speaking: Communicative in speech

This book provides the hard scientific information about audience psychology, text preparation, presentation methods, voice production, body language and persuasive advocacy which will help would-be speakers improve their performance

Gespeichert in:
Bibliographische Detailangaben
1. Verfasser: Christopher Turk
Format: Buch
Sprache:Undetermined
Veröffentlicht: London E and FN Spon 1996
Schlagworte:
Tags: Tag hinzufügen
Keine Tags, Fügen Sie den ersten Tag hinzu!
Thư viện lưu trữ: Trung tâm Học liệu Trường Đại học Cần Thơ
LEADER 00765nam a2200205Ia 4500
001 CTU_14957
008 210402s9999 xx 000 0 und d
020 |b 46.55df 
082 |a 418 
082 |b T939 
100 |a Christopher Turk 
245 0 |a Effective speaking: Communicative in speech 
245 0 |c Christopher Turk 
260 |a London 
260 |b E and FN Spon 
260 |c 1996 
520 |a This book provides the hard scientific information about audience psychology, text preparation, presentation methods, voice production, body language and persuasive advocacy which will help would-be speakers improve their performance 
650 |a auditors,linguistics 
904 |i Minh, 970107 
980 |a Trung tâm Học liệu Trường Đại học Cần Thơ